Política salarial: ¿estancamiento o deterioro de los salarios reales? (1979-1988)/
Se presenta un análisis sobre la evolución de los salarios en Costa Rica en el período comprendido de 1978-1988. El análisis se lleva a cabo en relación con las políticas salariales presentes en las administraciones de Luis Alberto Monge y Oscar Arias Sánchez. Como objetivo central la investigació...
Збережено в:
| Автор: | |
|---|---|
| Формат: | Книга |
| Мова: | Spanish |
| Предмети: | |
| Теги: |
Додати тег
Немає тегів, Будьте першим, хто поставить тег для цього запису!
|
MARC
| LEADER | 00000nam a22000007a 4500 | ||
|---|---|---|---|
| 003 | cru CIDCACS/IIS | ||
| 005 | 20230620062547.0 | ||
| 007 | ta | ||
| 008 | 200327s1989 cr ||||| |||| 00| 0 spa d | ||
| 999 | |c 43033 |d 43033 | ||
| 040 | |c cru CIDCACS/IIS | ||
| 100 | 1 | |9 6346 |a Castro Valverde, Carlos | |
| 245 | 1 | |a Política salarial: |b ¿estancamiento o deterioro de los salarios reales? (1979-1988)/ |c Carlos Castro Valverde | |
| 300 | |a 29 páginas: |b tablas | ||
| 520 | |a Se presenta un análisis sobre la evolución de los salarios en Costa Rica en el período comprendido de 1978-1988. El análisis se lleva a cabo en relación con las políticas salariales presentes en las administraciones de Luis Alberto Monge y Oscar Arias Sánchez. Como objetivo central la investigación tiene el de ofrecer a las diversas organizaciones sindicales y populares en general, un conjunto de información sobre el tema, de modo que les permita ubicar y contextualizar en una mejor forma sus reivindicaciones en este campo. El trabajo se encuentra dividido en dos partes; en la primera se sintetiza los principales lineamientos de la política salarial vigente en las administraciones Monge y Arias. En la segunda se analiza la evolución de los salarios reales entre 1979-1988, tomando en consideración los salarios promedio a nivel nacional y por sector institucional, así como los salarios mínimos; esta evolución se encuentra relacionada con algunos de los principales rasgos de la política salarial. Por último se hace una reflexión sobre el reto que se le presentan a los movimientos sindicales en el campo de los salarios. OB/MR | ||
| 650 | 4 | |9 1935 |a RECESION ECONOMICA | |
| 650 | 4 | |9 4424 |a ESTABILIZACION ECONOMICA | |
| 650 | 4 | |9 2667 |a INFLACION | |
| 650 | 4 | |9 2661 |a FMI | |
| 650 | 0 | |9 242 |a GASTOS PUBLICOS | |
| 650 | 4 | |9 3253 |a POLITICA GUBERNAMENTAL | |
| 650 | 4 | |9 1844 |a DESEMPLEO | |
| 650 | 0 | |9 288 |a EMPLEO | |
| 650 | 4 | |9 2655 |a POLITICA ECONOMICA | |
| 650 | 0 | |9 2228 |a SINDICALISMO | |
| 650 | 0 | |9 2434 |a SALARIOS | |
| 650 | 4 | |9 2684 |a INDICES DE PRECIOS | |
| 650 | 0 | |a SECTOR PUBLICO |9 2374 | |
| 650 | 0 | |9 2375 |a SECTOR PRIVADO | |
| 650 | 0 | |9 410 |a GOBIERNO CENTRAL | |
| 651 | 1 | 0 | |9 32 |a COSTA RICA |
| 773 | 0 | |0 18975 |9 325 |a Centro de Estudios para la Acción Social |d San José, Costa Rica CEPAS |o MFN0064 |t Documento de análisis / | |
| 942 | |2 ddc |c PP | ||
